000 00963nam a22002655i 4500
001 178554
003 ES-MaACL
005 20250811062537.0
008 110607s1983 sp |||| | spa d
020 _a84-7483-318-3
080 _a821.134.2-2
245 0 0 _aTeatro español.
_nIII.
260 _aMadrid :
_bMinisterio de Cultura, Subdirección General de Estudios y Coordinación,
_c[1983]
300 _a183 p. ;
_c21 cm.
505 8 0 _aContiene: El condenado por desconfiado / Tirso de Molina. El alcalde de Zalamea ; La vida es sueño / Pedro Calderón de la Barca
650 4 _aTeatro español-
_yS.XVI-XVII.
_917350
650 1 4 _a
_9239581
700 1 _aMolina, Tirso de,
_d1579-1648
_9226522
710 1 _aEspaña.
_bMinisterio de Cultura
_93850
740 3 2 _aEl condenado por desconfiado.
740 3 2 _aEl alcalde de Zalamea.
740 3 2 _aLa vida es sueño.
852 _aES-MaACL
_jE-15330
_xOlim P-247
999 _c178554
_d178554